| 000 | 00417nam a2200157 i 4500 | ||
|---|---|---|---|
| 001 | bg | ||
| 100 | 1 | _aSTEEDS, J. W. | |
| 245 | 0 |
_aIntroduction to anisotropic elasticity theory of dislocations / _cby J.W. Steeds. |
|
| 260 |
_aOxford : _bClarendon, _c1973. |
||
| 650 | 9 |
_aPlastyczność _xteoria |
|
| 040 | _cBPK | ||
| 041 | _apol | ||
| 080 | _a539.3/.6 | ||
| 942 | _cKS | ||
| 008 | s pl f |000 0 pol | ||
| 999 |
_c15877 _d15877 |
||
| 856 |
_uhttp://koha.tu.koszalin.pl/cgi-bin/koha/opac-detail.pl?biblionumber=15877 _yKatalog online BPK |
||